00548nam a22001577a 450000500170000001000150001702000260003203500140005803700130007208200170008510000240010224501120012626000730023827000530031130000260036420170519115708.0 aENG-118247 a9788185835802c700.00 aEN-101779 bDBAD/PUB a307.12160954 aTeotia, Manoj Kumar aUrban development in north-western indiabEmerging trends, concerns and strategies /cby Manoj Kumar Teotia aIndiabCentre For Research In Rural And Industrial Developmentc2016 a2-A, Sector-19/A, Madhya Marg, Chandigarh-160019 axxix, 372pc24cm.(Hb)